000 00284nam a22001337a 4500
008 170527b xxu||||| |||| 00| 0 eng d
020 _a9780135160893
041 _aeng
080 _a621
100 _a27
101 _aim
245 _aKINETIC THEORY
_cLIBOFF, R.L
942 _2udc
_cBK
999 _c14665
_d14665